Т. 30, № 8-9; Неорганические материалы

Bibliografiska uppgifter
Parent link:Неорганические материалы/ Российская академия наук (РАН). Т. 30, № 8-9.— , 1991-.— 0002-337X
Språk:ryska
Publicerad: 1994
Materialtyp: Bok
KOHA link:https://koha.lib.tpu.ru/cgi-bin/koha/opac-detail.pl?biblionumber=452076

MARC

LEADER 00000nam2a2200000 4500
001 452076
005 20231101083656.0
035 |a (RuTPU)RU\TPU\prd\114577 
035 |a RU\TPU\prd\114564 
090 |a 452076 
100 |a 20110627a19659999k y0rusy50 ca 
101 0 |a rus 
102 |a RU 
200 0 |a Т. 30, № 8-9 
210 |d 1994 
461 1 |0 (RuTPU)RU\TPU\prd\759  |x 0002-337X  |t Неорганические материалы  |f Российская академия наук (РАН)  |v Т. 30, № 8-9  |d 1991- 
801 0 |a RU  |b 63413507  |c 20011210  |g PSBO 
801 2 |a RU  |b 63413507  |c 20110627  |g PSBO 
942 |c BK 
999 |a НТБ_ТПУ  |b НФ  |e -8/20110111  |p П-701оп  |u 0,00  |v 1